01353nam a2200349Ia 4500001001200000003000800012006001900020007001500039008004100054010001700095020001500112020002000127040002100147035002100168050002600189082002100215100004500236245009800281250001200379260004300391300001500434504006600449533015200515650008200667650002200749650002200771650002100793655002900814710001700843856012600860999001700986ebr10135544CaPaEBRm u cr cn|||||||||031009s2004 nyu sb 001 0 eng d z 2003063202 z1403980500 z1403964769 (HC) aCaPaEBRcCaPaEBR a(OCoLC)56017943014aKZ1176.5b.K34 2004eb04a341.6/9/02682221 aKahn, Robert A.q(Robert Andrew),d1963-10aHolocaust denial and the lawh[electronic resource] :ba comparative study /cRobert A. Kahn. a1st ed. aNew York :bPalgrave Macmillan,c2004. axi, 207 p. aIncludes bibliographical references (p. [161]-198) and index. aElectronic reproduction.bPalo Alto, Calif. :cebrary,d2009.nAvailable via World Wide Web.nAccess may be limited to ebrary affiliated libraries. 0aNuremberg Trial of Major German War Criminals, Nuremberg, Germany, 1945-1946. 0aWar crime trials. 0aHolocaust denial. 0aComparative law. 7aElectronic books.2local2 aebrary, Inc.40uhttp://site.ebrary.com/lib/rucke/Doc?id=10135544zAn electronic book accessible through the World Wide Web; click to view c85549d85549